Buildoffsite review 2012 (Record no. 120957)

MARC details
000 -LEADER
fixed length control field 01498cad a2200229 4500
001 - CONTROL NUMBER
control field L155077
008 - FIXED-LENGTH DATA ELEMENTS--GENERAL INFORMATION
fixed length control field 120228n2012 000 0 eng u
035 ## - SYSTEM CONTROL NUMBER
System control number (Sirsi) u155077
041 0# - LANGUAGE CODE
Language code of text/sound track or separate title eng
110 2# - MAIN ENTRY--CORPORATE NAME
Corporate name or jurisdiction name as entry element Buildoffsite.com
9 (RLIN) 6089
245 00 - TITLE STATEMENT
Title Buildoffsite review 2012
Remainder of title the business case for offsite
Medium [electronic resource]
505 ## - FORMATTED CONTENTS NOTE
Formatted contents note Promoting offsite construction -- Mission statement -- Chairman's review and introduction -- Buildoffsite work programme -- Drivers for offsite solutions -- Strategic and organisational benefits -- Design for manufacture and assembly (DFMA) -- Lean production -- The role of building information modelling (BIM) -- Sustainability -- The business case for offsite project solutions -- The hard evidence -- Next steps -- Getting the message across -- Matrices -- Case studies -- Members and Governance -- Buildoffsite members -- Buildoffsite Lloyds Registration Scheme
520 ## - SUMMARY, ETC.
Summary, etc. Buildoffsite is a membership organisation acting to promote significant improvements in quality and value within the UK construction industry, focussing on achieving sustained growth in the use of offsite solutions.
590 ## - LOCAL NOTE (RLIN)
Local note KA NTK
651 #4 - SUBJECT ADDED ENTRY--GEOGRAPHIC NAME
Geographic name United Kingdom
Chronological subdivision
690 ## - LOCAL SUBJECT ADDED ENTRY--TOPICAL TERM (OCLC, RLIN)
Topical term or geographic name as entry element Construction management
9 (RLIN) 6230
690 ## - LOCAL SUBJECT ADDED ENTRY--TOPICAL TERM (OCLC, RLIN)
Topical term or geographic name as entry element Cost management
9 (RLIN) 6233
690 ## - LOCAL SUBJECT ADDED ENTRY--TOPICAL TERM (OCLC, RLIN)
Topical term or geographic name as entry element Design and specification
690 ## - LOCAL SUBJECT ADDED ENTRY--TOPICAL TERM (OCLC, RLIN)
Topical term or geographic name as entry element BIM
9 (RLIN) 6219
856 40 - ELECTRONIC LOCATION AND ACCESS
Uniform Resource Identifier <a href="https://www.buildoffsite.com/pdf/Yearbook/bos_yearbook_2012_49pp.pdf">https://www.buildoffsite.com/pdf/Yearbook/bos_yearbook_2012_49pp.pdf</a>
Public note View the review free of charge at www.buildoffsite.com
942 ## - ADDED ENTRY ELEMENTS (KOHA)
Suppress in OPAC 0
Holdings
Withdrawn status Lost status Source of classification or shelving scheme Damaged status Not for loan Home library Current library Shelving location Date acquired Total Checkouts Full call number Barcode Date last seen Copy number Price effective from Koha item type
    Dewey Decimal Classification     Virtual Virtual Online 28/02/2012   ONLINE PUBLICATION 155077-2001 06/08/2019 1 06/08/2019 Book